000 00606nam a2200181Ia 4500
008 100920s9999 xx 000 0 und d
082 _b64108
_a61 थ 60
100 _a---
245 _aशिवनेरी.
260 _bमुंबई सरकारच्या प्रसिध्दी खात्याकडून प्रकाशित.
_c1960
300 _a8
_bसाधी
365 _b0
520 _aस्थानिक वाचन.
630 _aशिवनेरी.
650 _aस्थानिक वाचन.
730 _aशिवनेरी.
942 _cBOOK
999 _c707184
_d707181